[Event "Greek Team Championship"]
[Site "chess24.com"]
[Date "2017.07.06"]
[Round "5"]
[White "Hristodoulou, Panagiotis"]
[Black "Vragoteris, Antonios"]
[Result "1-0"]
[Board "3"]
[WhiteElo "2261"]
[WhiteTitle "FM"]
[WhiteCountry "GRE"]
[WhiteFideId "4214340"]
[WhiteEloChange "9"]
[BlackElo "2212"]
[BlackTitle "FM"]
[BlackCountry "GRE"]
[BlackFideId "4200110"]
[BlackEloChange "-9"]

1. e4 {[%clk 1:27:45]} c5 {[%clk 1:18:52]} 2. Nf3 {[%clk 1:28:01]} Nc6 {[%clk
1:19:10]} 3. d4 {[%clk 1:28:23]} cxd4 {[%clk 1:19:31]} 4. Nxd4 {[%clk 1:28:46]}
g6 {[%clk 1:19:48]} 5. c4 {[%clk 1:29:08]} Bg7 {[%clk 1:19:50]} 6. Nc2 {[%clk
1:29:31]} e6 {[%clk 1:17:14]} 7. Be2 {[%clk 1:20:40]} Nge7 {[%clk 1:16:39]} 8.
O-O {[%clk 1:20:47]} d5 {[%clk 1:05:03]} 9. exd5 {[%clk 0:51:55]} exd5 {[%clk
1:05:18]} 10. cxd5 {[%clk 0:52:17]} Nxd5 {[%clk 1:04:29]} 11. Bf3 {[%clk
0:52:20]} Be6 {[%clk 1:04:48]} 12. Nd2 {[%clk 0:52:42]} h6 {[%clk 0:44:23]} 13.
Nb3 {[%clk 0:44:58]} Ne5 {[%clk 0:16:52]} 14. Ncd4 {[%clk 0:37:33]} O-O {[%clk
0:16:19]} 15. Nxe6 {[%clk 0:28:09]} fxe6 {[%clk 0:13:49]} 16. Be4 {[%clk
0:28:10]} Qh4 {[%clk 0:11:16]} 17. Bxd5 {[%clk 0:26:12]} exd5 {[%clk 0:10:14]}
18. f4 {[%clk 0:24:56]} Ng4 {[%clk 0:09:08]} 19. Qxd5+ {[%clk 0:25:05]} Kh8
{[%clk 0:08:21]} 20. h3 {[%clk 0:25:27]} Rad8 {[%clk 0:06:36]} 21. Qe4 {[%clk
0:19:14]} Rfe8 {[%clk 0:06:51]} 22. Qxg6 {[%clk 0:19:16]} Rg8 {[%clk 0:05:02]}
23. Qe4 {[%clk 0:18:11]} Ne5 {[%clk 0:02:11]} 24. Be3 {[%clk 0:16:48]} Nd3 {[%clk
0:01:13]} 25. Rad1 {[%clk 0:10:50]} Nxb2 {[%clk 0:00:58]} 26. Rxd8 {[%clk
0:10:59]} Qxd8 {[%clk 0:00:44]} 27. Nd4 {[%clk 0:10:38]} Nc4 {[%clk 0:00:46]} 28.
Ne6 {[%clk 0:10:51]} Nd2 {[%clk 0:00:34]} 29. Nxd8 {[%clk 0:04:21]} Nxe4 {[%clk
0:01:02]} 30. Nxb7 {[%clk 0:04:37]} Rc8 {[%clk 0:01:24]} 31. Rc1 {[%clk 0:04:14]}
Nc3 {[%clk 0:01:13]} 32. Rc2 {[%clk 0:03:08]} Rb8 {[%clk 0:00:50]} 33. Nd6 {[%clk
0:02:57]} Rb1+ {[%clk 0:01:08]} 34. Kh2 {[%clk 0:03:19]} a5 {[%clk 0:00:36]} 35.
Nf5 {[%clk 0:02:15]} Bf6 {[%clk 0:00:44]} 36. Nxh6 {[%clk 0:02:09]} Nd5 {[%clk
0:00:55]} 37. Bd2 {[%clk 0:02:34]} Bd4 {[%clk 0:01:13]} 38. Nf5 {[%clk 0:00:56]}
Bg1+ {[%clk 0:01:32]} 39. Kg3 {[%clk 0:01:21]} a4 {[%clk 0:01:53]} 40. Kg4 {[%clk
0:31:06]} a3 {[%clk 0:32:16]} 41. Bc1 {[%clk 0:29:00]} Rb4 {[%clk 0:29:47]} 42.
Bxa3 {[%clk 0:27:55]} Rxf4+ {[%clk 0:30:05]} 43. Kg5 {[%clk 0:24:32]} Rxf5+
{[%clk 0:29:17]} 44. Kxf5 {[%clk 0:24:56]} Ne3+ {[%clk 0:29:37]} 45. Ke4 {[%clk
0:22:04]} Nxc2 {[%clk 0:29:44]} 46. Bb2+ {[%clk 0:22:30]} Kh7 {[%clk 0:27:19]}
47. a4 {[%clk 0:22:44]} Bb6 {[%clk 0:16:32]} 48. Bc3 {[%clk 0:22:24]} Kg6 {[%clk
0:14:46]} 49. a5 {[%clk 0:21:11]} Ba7 {[%clk 0:07:27]} 50. a6 {[%clk 0:18:52]}
Kg5 {[%clk 0:06:19]} 51. Kd3 {[%clk 0:15:05]} Ne3 {[%clk 0:04:59]} 52. Bd2 {[%clk
0:10:58]} 1-0

[Event "Greek Team Championship"]
[Site "chess24.com"]
[Date "2017.07.06"]
[Round "5"]
[White "Gavriilidis, Georgios"]
[Black "Anagnostopoulos, Konstantinos"]
[Result "1-0"]
[Board "4"]
[WhiteElo "2131"]
[WhiteCountry "GRE"]
[WhiteFideId "4206894"]
[WhiteEloChange "12"]
[BlackElo "2200"]
[BlackCountry "GRE"]
[BlackFideId "4251067"]
[BlackEloChange "-12"]

1. d4 {[%clk 1:21:11]} Nf6 {[%clk 1:30:54]} 2. c4 {[%clk 1:21:37]} e6 {[%clk
1:31:21]} 3. g3 {[%clk 1:22:01]} d5 {[%clk 1:31:40]} 4. Bg2 {[%clk 1:22:27]} Be7
{[%clk 1:32:00]} 5. Nf3 {[%clk 1:22:53]} O-O {[%clk 1:32:18]} 6. O-O {[%clk
1:23:20]} dxc4 {[%clk 1:32:44]} 7. Ne5 {[%clk 1:23:35]} Nc6 {[%clk 1:33:03]} 8.
Bxc6 {[%clk 1:23:52]} bxc6 {[%clk 1:33:15]} 9. Nxc6 {[%clk 1:24:16]} Qe8 {[%clk
1:33:35]} 10. Nxe7+ {[%clk 1:24:39]} Qxe7 {[%clk 1:34:02]} 11. Qa4 {[%clk
1:24:49]} e5 {[%clk 1:28:58]} 12. dxe5 {[%clk 1:24:27]} Qxe5 {[%clk 1:28:13]} 13.
Qxc4 {[%clk 1:24:52]} Be6 {[%clk 1:24:29]} 14. Qd3 {[%clk 1:21:56]} Rfd8 {[%clk
1:22:17]} 15. Qe3 {[%clk 1:22:18]} Qh5 {[%clk 1:22:33]} 16. f3 {[%clk 1:22:36]}
Re8 {[%clk 1:12:23]} 17. Qf2 {[%clk 1:22:23]} g5 {[%clk 1:08:34]} 18. b3 {[%clk
1:16:24]} Bh3 {[%clk 0:58:28]} 19. Re1 {[%clk 1:16:41]} Qg6 {[%clk 0:44:51]} 20.
Bb2 {[%clk 1:16:40]} Rad8 {[%clk 0:43:19]} 21. Na3 {[%clk 1:12:02]} Nd5 {[%clk
0:36:23]} 22. Nc4 {[%clk 1:07:52]} Nb4 {[%clk 0:35:22]} 23. Rad1 {[%clk 1:06:20]}
Be6 {[%clk 0:33:40]} 24. Ne5 {[%clk 1:06:36]} Qc2 {[%clk 0:32:29]} 25. Rxd8
{[%clk 1:06:45]} Rxd8 {[%clk 0:32:51]} 26. Qe3 {[%clk 1:06:14]} Qd2 {[%clk
0:20:25]} 27. Qxd2 {[%clk 1:06:34]} Rxd2 {[%clk 0:20:51]} 28. Bc3 {[%clk
1:06:59]} Rd5 {[%clk 0:21:19]} 29. e4 {[%clk 1:06:48]} Rxe5 {[%clk 0:21:48]} 30.
Bxb4 {[%clk 1:06:51]} Rb5 {[%clk 0:22:17]} 31. Be7 {[%clk 1:06:32]} Ra5 {[%clk
0:21:09]} 32. Bf6 {[%clk 0:57:49]} Rxa2 {[%clk 0:18:37]} 33. Rd1 {[%clk 0:58:06]}
h6 {[%clk 0:19:04]} 34. f4 {[%clk 0:57:54]} gxf4 {[%clk 0:17:54]} 35. gxf4 {[%clk
0:58:14]} Bh3 {[%clk 0:17:38]} 36. Rd3 {[%clk 0:55:43]} Ra6 {[%clk 0:14:22]} 37.
Rg3+ {[%clk 0:55:42]} Kf8 {[%clk 0:14:12]} 38. Bg7+ {[%clk 0:56:06]} Kg8 {[%clk
0:14:32]} 39. f5 {[%clk 0:55:11]} h5 {[%clk 0:09:28]} 40. Bc3+ {[%clk 1:25:25]}
1-0

[Event "Greek Team Championship"]
[Site "chess24.com"]
[Date "2017.07.06"]
[Round "5"]
[White "Goczo, Melinda"]
[Black "Serefidou, Despina"]
[Result "1-0"]
[Board "5"]
[WhiteElo "2189"]
[WhiteTitle "WIM"]
[WhiteCountry "HUN"]
[WhiteFideId "711985"]
[WhiteEloChange "5"]
[BlackElo "1981"]
[BlackCountry "GRE"]
[BlackFideId "4218787"]
[BlackEloChange "-5"]

1. d4 {[%clk 1:30:57]} Nf6 {[%clk 1:30:54]} 2. c4 {[%clk 1:31:22]} e6 {[%clk
1:31:14]} 3. g3 {[%clk 1:31:47]} Bb4+ {[%clk 1:30:51]} 4. Bd2 {[%clk 1:32:11]}
Qe7 {[%clk 1:31:10]} 5. Bg2 {[%clk 1:32:14]} Nc6 {[%clk 1:19:11]} 6. Nf3 {[%clk
1:30:02]} Bxd2+ {[%clk 1:18:13]} 7. Nbxd2 {[%clk 1:30:08]} d6 {[%clk 1:17:48]} 8.
O-O {[%clk 1:27:48]} O-O {[%clk 1:18:10]} 9. e4 {[%clk 1:26:05]} e5 {[%clk
1:18:26]} 10. d5 {[%clk 1:26:09]} Nb8 {[%clk 1:18:44]} 11. b4 {[%clk 1:20:36]} a5
{[%clk 1:17:23]} 12. a3 {[%clk 1:20:38]} Nbd7 {[%clk 0:55:09]} 13. Ne1 {[%clk
1:09:07]} b6 {[%clk 0:49:46]} 14. Nd3 {[%clk 1:06:45]} Bb7 {[%clk 0:48:10]} 15.
Qb3 {[%clk 0:50:00]} Ng4 {[%clk 0:42:20]} 16. Qc3 {[%clk 0:37:50]} f5 {[%clk
0:29:51]} 17. exf5 {[%clk 0:30:42]} Rxf5 {[%clk 0:28:10]} 18. Rae1 {[%clk
0:20:45]} axb4 {[%clk 0:15:55]} 19. axb4 {[%clk 0:21:10]} Nh6 {[%clk 0:10:42]}
20. f4 {[%clk 0:14:04]} Re8 {[%clk 0:09:47]} 21. Bh3 {[%clk 0:12:12]} Rh5 {[%clk
0:09:08]} 22. Be6+ {[%clk 0:10:25]} Kh8 {[%clk 0:08:28]} 23. Nf3 {[%clk 0:05:18]}
Nf8 {[%clk 0:07:38]} 24. fxe5 {[%clk 0:02:03]} Nxe6 {[%clk 0:05:38]} 25. exd6
{[%clk 0:02:20]} Qxd6 {[%clk 0:04:41]} 26. Nf4 {[%clk 0:02:41]} Rf5 {[%clk
0:01:51]} 27. Nxe6 {[%clk 0:02:41]} Re7 {[%clk 0:01:17]} 28. Nfg5 {[%clk
0:01:52]} Qd7 {[%clk 0:00:59]} 29. Rxf5 {[%clk 0:00:57]} Nxf5 {[%clk 0:01:28]}
30. Qd3 {[%clk 0:00:41]} g6 {[%clk 0:00:48]} 31. Qc3+ {[%clk 0:00:50]} Kg8 {[%clk
0:01:15]} 32. Qf6 {[%clk 0:01:07]} Qe8 {[%clk 0:01:06]} 33. Rf1 {[%clk 0:01:08]}
Bc8 {[%clk 0:00:35]} 34. g4 {[%clk 0:01:00]} h6 {[%clk 0:00:39]} 35. gxf5 {[%clk
0:00:57]} hxg5 {[%clk 0:01:07]} 36. Qxg5 {[%clk 0:01:06]} Bxe6 {[%clk 0:00:44]}
37. dxe6 {[%clk 0:00:51]} Kh7 {[%clk 0:00:36]} 38. Qh4+ {[%clk 0:01:00]} Kg8
{[%clk 0:00:48]} 39. f6 {[%clk 0:00:57]} Rh7 {[%clk 0:00:41]} 40. f7+ {[%clk
0:31:12]} 1-0

[Event "Greek Team Championship"]
[Site "chess24.com"]
[Date "2017.07.06"]
[Round "5"]
[White "Houhouli, Hristina"]
[Black "Serpetsidaki, Eva"]
[Result "0-1"]
[Board "6"]
[WhiteElo "1431"]
[WhiteCountry "GRE"]
[WhiteFideId "4247477"]
[WhiteEloChange "-5"]
[BlackElo "1623"]
[BlackCountry "GRE"]
[BlackFideId "4248902"]
[BlackEloChange "5"]

1. e4 {[%clk 1:30:56]} c5 {[%clk 1:30:55]} 2. Nf3 {[%clk 1:31:24]} g6 {[%clk
1:31:20]} 3. d4 {[%clk 1:31:49]} cxd4 {[%clk 1:31:45]} 4. Qxd4 {[%clk 1:32:10]}
Nf6 {[%clk 1:32:11]} 5. Bb5 {[%clk 1:32:21]} Nc6 {[%clk 1:17:52]} 6. Bxc6 {[%clk
1:32:45]} dxc6 {[%clk 1:18:14]} 7. Qxd8+ {[%clk 1:33:10]} Kxd8 {[%clk 1:18:37]}
8. Nc3 {[%clk 1:33:17]} h6 {[%clk 1:11:39]} 9. h3 {[%clk 1:31:05]} Bg7 {[%clk
1:11:05]} 10. Bf4 {[%clk 1:26:22]} Be6 {[%clk 1:06:48]} 11. O-O-O+ {[%clk
1:26:22]} Kc8 {[%clk 0:58:22]} 12. Rd2 {[%clk 1:19:43]} Rd8 {[%clk 0:57:24]} 13.
Rhd1 {[%clk 1:16:21]} Rxd2 {[%clk 0:57:31]} 14. Rxd2 {[%clk 1:15:31]} Nh5 {[%clk
0:51:12]} 15. Be5 {[%clk 1:14:15]} Bxe5 {[%clk 0:48:52]} 16. Nxe5 {[%clk
1:14:31]} Nf4 {[%clk 0:48:43]} 17. g3 {[%clk 1:04:34]} f6 {[%clk 0:30:42]} 18.
Nxc6 {[%clk 0:55:56]} bxc6 {[%clk 0:30:44]} 19. gxf4 {[%clk 0:56:23]} Bxh3 {[%clk
0:29:28]} 20. Rd3 {[%clk 0:52:18]} Be6 {[%clk 0:27:58]} 21. Kd2 {[%clk 0:51:08]}
Kc7 {[%clk 0:26:13]} 22. Ke3 {[%clk 0:50:47]} h5 {[%clk 0:25:43]} 23. Na4 {[%clk
0:46:06]} Rh8 {[%clk 0:23:04]} 24. Nc5 {[%clk 0:44:26]} Bc8 {[%clk 0:23:20]} 25.
Kf3 {[%clk 0:37:00]} h4 {[%clk 0:22:23]} 26. Kg2 {[%clk 0:36:25]} Rh5 {[%clk
0:19:09]} 27. b4 {[%clk 0:31:36]} Rh8 {[%clk 0:14:26]} 28. Kf3 {[%clk 0:22:00]}
Kb6 {[%clk 0:11:29]} 29. a4 {[%clk 0:19:17]} Kc7 {[%clk 0:09:49]} 30. Rd1 {[%clk
0:16:38]} Rd8 {[%clk 0:08:32]} 31. Rxd8 {[%clk 0:16:47]} Kxd8 {[%clk 0:08:55]}
32. c4 {[%clk 0:14:30]} Kc7 {[%clk 0:09:07]} 33. a5 {[%clk 0:11:57]} Bh3 {[%clk
0:04:38]} 34. Nb3 {[%clk 0:07:44]} Be6 {[%clk 0:03:32]} 35. Nd2 {[%clk 0:07:46]}
a6 {[%clk 0:03:13]} 36. Ke3 {[%clk 0:05:48]} h3 {[%clk 0:02:02]} 37. Kf3 {[%clk
0:05:34]} c5 {[%clk 0:01:58]} 38. b5 {[%clk 0:04:53]} axb5 {[%clk 0:02:18]} 39.
cxb5 {[%clk 0:05:14]} c4 {[%clk 0:02:20]} 40. Nb1 {[%clk 0:31:06]} Kd6 {[%clk
0:31:59]} 41. b6 {[%clk 0:25:03]} Kc6 {[%clk 0:31:18]} 42. Nc3 {[%clk 0:24:37]}
Kb7 {[%clk 0:31:20]} 43. Na4 {[%clk 0:21:14]} Bc8 {[%clk 0:29:34]} 44. Kg3 {[%clk
0:15:47]} Ka6 {[%clk 0:26:22]} 45. f5 {[%clk 0:13:54]} gxf5 {[%clk 0:25:17]} 46.
exf5 {[%clk 0:14:20]} Kxa5 {[%clk 0:25:13]} 47. Nc3 {[%clk 0:12:20]} Kxb6 {[%clk
0:24:53]} 48. Kxh3 {[%clk 0:12:37]} Bxf5+ {[%clk 0:24:15]} 49. Kg3 {[%clk
0:12:59]} Kc5 {[%clk 0:24:12]} 50. Kf4 {[%clk 0:12:58]} Bd3 {[%clk 0:21:34]} 51.
Ke3 {[%clk 0:13:01]} e5 {[%clk 0:19:27]} 52. Na2 {[%clk 0:10:37]} f5 {[%clk
0:18:34]} 53. Nc3 {[%clk 0:07:00]} f4+ {[%clk 0:18:12]} 54. Kd2 {[%clk 0:06:55]}
Kd4 {[%clk 0:13:08]} 55. Na2 {[%clk 0:05:03]} e4 {[%clk 0:06:38]} 56. Nc1 {[%clk
0:04:11]} c3+ {[%clk 0:05:24]} 57. Kd1 {[%clk 0:03:11]} c2+ {[%clk 0:02:38]} 58.
Ke1 {[%clk 0:02:26]} Kc3 {[%clk 0:02:54]} 59. f3 {[%clk 0:02:15]} exf3 {[%clk
0:01:35]} 0-1

[Event "Greek Team Championship"]
[Site "chess24.com"]
[Date "2017.07.06"]
[Round "5"]
[White "Vitsaxaki, Iris"]
[Black "Batsi, Varvara"]
[Result "1-0"]
[Board "7"]
[WhiteElo "1419"]
[WhiteCountry "GRE"]
[WhiteFideId "4249070"]
[WhiteEloChange "3"]
[BlackElo "1133"]
[BlackCountry "GRE"]
[BlackFideId "25820575"]
[BlackEloChange "-3"]

1. d4 {[%clk 1:30:55]} d5 {[%clk 1:30:52]} 2. Nf3 {[%clk 1:31:17]} Nf6 {[%clk
1:31:10]} 3. Bf4 {[%clk 1:31:38]} Bf5 {[%clk 1:31:34]} 4. e3 {[%clk 1:32:03]} e6
{[%clk 1:31:31]} 5. c4 {[%clk 1:31:48]} Bxb1 {[%clk 1:30:41]} 6. Qa4+ {[%clk
1:25:44]} Nc6 {[%clk 1:26:31]} 7. Rxb1 {[%clk 1:22:25]} Bb4+ {[%clk 1:25:56]} 8.
Kd1 {[%clk 1:22:05]} O-O {[%clk 1:25:57]} 9. c5 {[%clk 1:21:44]} Ne4 {[%clk
1:11:32]} 10. Qc2 {[%clk 1:15:52]} e5 {[%clk 0:34:21]} 11. Nxe5 {[%clk 1:14:49]}
Nxe5 {[%clk 0:34:42]} 12. Bxe5 {[%clk 1:15:12]} c6 {[%clk 0:34:42]} 13. f3 {[%clk
1:14:07]} Nf6 {[%clk 0:31:01]} 14. Bxf6 {[%clk 1:12:10]} Qxf6 {[%clk 0:30:32]}
15. Qa4 {[%clk 1:11:42]} Bxc5 {[%clk 0:24:33]} 16. dxc5 {[%clk 1:11:47]} Rfe8
{[%clk 0:23:57]} 17. Qd4 {[%clk 1:11:22]} Qg6 {[%clk 0:22:59]} 18. Rc1 {[%clk
1:06:47]} Re7 {[%clk 0:21:00]} 19. Rc2 {[%clk 1:01:47]} Rae8 {[%clk 0:20:45]} 20.
Bd3 {[%clk 1:00:48]} Qe6 {[%clk 0:18:56]} 21. Re2 {[%clk 1:00:17]} Qh6 {[%clk
0:18:34]} 22. Qf4 {[%clk 1:00:26]} Qxf4 {[%clk 0:17:06]} 23. exf4 {[%clk
1:00:49]} Rxe2 {[%clk 0:16:23]} 24. Bxe2 {[%clk 1:01:13]} Kf8 {[%clk 0:14:17]}
25. Kd2 {[%clk 1:01:21]} Ke7 {[%clk 0:14:14]} 26. Rc1 {[%clk 1:01:24]} Kd7 {[%clk
0:14:17]} 27. Rc3 {[%clk 1:01:39]} Re6 {[%clk 0:13:44]} 28. Re3 {[%clk 0:59:00]}
Rh6 {[%clk 0:13:03]} 29. h3 {[%clk 0:59:19]} Rg6 {[%clk 0:12:54]} 30. g4 {[%clk
0:59:21]} Re6 {[%clk 0:11:26]} 31. Bd3 {[%clk 0:59:02]} Rxe3 {[%clk 0:11:03]} 32.
Kxe3 {[%clk 0:59:26]} h6 {[%clk 0:11:28]} 33. Bf5+ {[%clk 0:58:49]} Kc7 {[%clk
0:11:18]} 34. Kd4 {[%clk 0:58:51]} f6 {[%clk 0:10:05]} 35. h4 {[%clk 0:59:09]}
Kd8 {[%clk 0:09:06]} 36. g5 {[%clk 0:59:25]} Ke7 {[%clk 0:08:47]} 37. Bc8 {[%clk
0:59:16]} b6 {[%clk 0:08:46]} 38. a4 {[%clk 0:58:01]} h5 {[%clk 0:05:16]} 39. Bf5
{[%clk 0:57:45]} 1-0

[Event "Greek Team Championship"]
[Site "chess24.com"]
[Date "2017.07.06"]
[Round "5"]
[White "Tsaknakis, Zisis"]
[Black "Kadianis, Georgios"]
[Result "1/2-1/2"]
[Board "8"]
[WhiteElo "2187"]
[WhiteCountry "GRE"]
[WhiteFideId "4259963"]
[WhiteEloChange "-5"]
[BlackElo "1980"]
[BlackCountry "GRE"]
[BlackFideId "4264681"]
[BlackEloChange "5"]

1. e4 {[%clk 1:30:30]} e5 {[%clk 1:30:30]} 2. Nf3 {[%clk 1:30:30]} Nc6 {[%clk
1:30:30]} 3. Bb5 {[%clk 1:30:30]} a6 {[%clk 1:30:30]} 4. Ba4 {[%clk 1:30:30]} d6
{[%clk 1:30:30]} 5. c3 {[%clk 1:30:30]} Bd7 {[%clk 1:30:30]} 6. d3 {[%clk
1:30:30]} g6 {[%clk 1:30:30]} 7. Nbd2 {[%clk 1:30:30]} Bg7 {[%clk 1:30:30]} 8.
Nf1 {[%clk 1:30:30]} Nge7 {[%clk 1:30:30]} 9. h4 {[%clk 1:30:30]} h6 {[%clk
1:30:30]} 10. Be3 {[%clk 1:30:30]} d5 {[%clk 1:30:30]} 11. Bc5 {[%clk 1:30:30]}
b6 {[%clk 1:30:30]} 12. Ba3 {[%clk 1:30:30]} d4 {[%clk 1:30:30]} 13. cxd4 {[%clk
1:30:30]} Nxd4 {[%clk 1:30:30]} 14. Nxd4 {[%clk 1:30:30]} exd4 {[%clk 1:30:30]}
15. Ng3 {[%clk 1:30:30]} a5 {[%clk 1:30:30]} 16. Qb3 {[%clk 1:30:30]} O-O {[%clk
1:30:30]} 17. Bxd7 {[%clk 1:30:30]} Qxd7 {[%clk 1:30:30]} 18. h5 {[%clk 1:30:30]}
Kh7 {[%clk 1:30:30]} 19. O-O {[%clk 1:30:30]} a4 {[%clk 1:30:30]} 20. Qb4 {[%clk
1:30:30]} Rfe8 {[%clk 1:30:30]} 21. Rac1 {[%clk 1:30:30]} Ng8 {[%clk 1:30:30]}
22. Qc4 {[%clk 1:30:30]} c5 {[%clk 1:30:30]} 23. b4 {[%clk 1:30:30]} axb3 {[%clk
1:30:30]} 24. Qxb3 {[%clk 1:30:30]} Ra6 {[%clk 1:30:30]} 25. Rb1 {[%clk 1:30:30]}
Rea8 {[%clk 1:30:30]} 26. Bc1 {[%clk 1:30:30]} R8a7 {[%clk 1:30:30]} 27. a3
{[%clk 1:30:30]} Qg4 {[%clk 1:30:30]} 28. hxg6+ {[%clk 1:30:30]} fxg6 {[%clk
1:30:30]} 29. Qd1 {[%clk 1:30:30]} Qh4 {[%clk 1:30:30]} 30. Ne2 {[%clk 1:30:30]}
g5 {[%clk 1:30:30]} 31. f4 {[%clk 1:30:30]} gxf4 {[%clk 1:30:30]} 32. Rxf4 {[%clk
1:30:30]} Qh5 {[%clk 1:30:30]} 33. Rf5 {[%clk 1:30:30]} Qh4 {[%clk 1:30:30]} 34.
Rf4 {[%clk 1:30:30]} Qh5 {[%clk 1:30:30]} 35. Rf5 {[%clk 1:30:30]} Qh4 {[%clk
1:30:30]} 36. Rf4 {[%clk 1:30:30]} 1/2-1/2

[Event "Greek Team Championship"]
[Site "chess24.com"]
[Date "2017.07.06"]
[Round "5"]
[White "Giouvantsioudis-Mousiadis, Arist"]
[Black "Papidakis, Georgios"]
[Result "1/2-1/2"]
[Board "10"]
[WhiteElo "1446"]
[WhiteCountry "GRE"]
[WhiteFideId "4296125"]
[WhiteEloChange "5"]
[BlackElo "1635"]
[BlackCountry "GRE"]
[BlackFideId "4295099"]
[BlackEloChange "-5"]

1. e4 {[%clk 1:30:53]} d5 {[%clk 1:30:52]} 2. exd5 {[%clk 1:30:20]} Qxd5 {[%clk
1:31:12]} 3. Nf3 {[%clk 1:30:28]} Bg4 {[%clk 1:31:31]} 4. Be2 {[%clk 1:30:44]}
Nf6 {[%clk 1:30:04]} 5. O-O {[%clk 1:29:53]} e6 {[%clk 1:29:11]} 6. Nc3 {[%clk
1:25:01]} Qd8 {[%clk 1:28:51]} 7. h3 {[%clk 1:23:38]} Bh5 {[%clk 1:29:14]} 8. b3
{[%clk 1:14:22]} Be7 {[%clk 1:29:03]} 9. Ne5 {[%clk 1:11:21]} Bxe2 {[%clk
1:29:17]} 10. Qxe2 {[%clk 1:11:35]} O-O {[%clk 1:29:37]} 11. Qf3 {[%clk 1:07:49]}
c6 {[%clk 1:29:33]} 12. a4 {[%clk 1:07:30]} Nbd7 {[%clk 1:24:05]} 13. Nc4 {[%clk
1:06:19]} Nb6 {[%clk 1:20:10]} 14. Ne3 {[%clk 1:04:06]} Nbd5 {[%clk 1:19:52]} 15.
Ncxd5 {[%clk 1:04:15]} cxd5 {[%clk 1:12:00]} 16. Bb2 {[%clk 1:01:42]} Ne4 {[%clk
1:06:38]} 17. d3 {[%clk 0:59:45]} Nc5 {[%clk 0:49:05]} 18. Qg4 {[%clk 0:56:39]}
Bf6 {[%clk 0:48:33]} 19. Bxf6 {[%clk 0:56:12]} Qxf6 {[%clk 0:49:02]} 20. Qb4
{[%clk 0:53:24]} b6 {[%clk 0:41:49]} 21. Rac1 {[%clk 0:48:31]} Qd8 {[%clk
0:33:27]} 22. Rfd1 {[%clk 0:42:06]} Rc8 {[%clk 0:31:16]} 23. Qg4 {[%clk 0:38:10]}
Qd7 {[%clk 0:29:10]} 24. h4 {[%clk 0:34:52]} Rfd8 {[%clk 0:27:18]} 25. h5 {[%clk
0:32:53]} h6 {[%clk 0:27:25]} 26. Rb1 {[%clk 0:28:42]} Qe7 {[%clk 0:17:08]} 27.
Re1 {[%clk 0:26:45]} Qc7 {[%clk 0:14:47]} 28. Red1 {[%clk 0:23:53]} Nd7 {[%clk
0:07:46]} 29. d4 {[%clk 0:19:40]} Nf6 {[%clk 0:07:41]} 30. Qf3 {[%clk 0:13:59]}
Ne4 {[%clk 0:06:30]} 31. Rd3 {[%clk 0:11:55]} 1/2-1/2

[Event "Greek Team Championship"]
[Site "chess24.com"]
[Date "2017.07.06"]
[Round "5"]
[White "Czarnota, Pawel"]
[Black "Grigorov, Grigor"]
[Result "1-0"]
[Board "1"]
[WhiteElo "2557"]
[WhiteTitle "GM"]
[WhiteCountry "POL"]
[WhiteFideId "1121219"]
[WhiteEloChange "4"]
[BlackElo "2503"]
[BlackTitle "GM"]
[BlackCountry "BUL"]
[BlackFideId "2907313"]
[BlackEloChange "-4"]

1. e4 {[%clk 1:30:54]} c5 {[%clk 1:30:52]} 2. Nf3 {[%clk 1:31:13]} d6 {[%clk
1:31:16]} 3. d4 {[%clk 1:30:46]} cxd4 {[%clk 1:31:38]} 4. Nxd4 {[%clk 1:31:12]}
Nf6 {[%clk 1:32:04]} 5. Nc3 {[%clk 1:31:33]} a6 {[%clk 1:32:28]} 6. Be2 {[%clk
1:31:37]} e5 {[%clk 1:32:42]} 7. Nb3 {[%clk 1:32:00]} Be7 {[%clk 1:32:51]} 8. Be3
{[%clk 1:30:55]} Be6 {[%clk 1:32:59]} 9. Nd5 {[%clk 1:30:17]} Nxd5 {[%clk
1:33:04]} 10. exd5 {[%clk 1:30:40]} Bf5 {[%clk 1:33:26]} 11. Qd2 {[%clk 1:29:11]}
O-O {[%clk 1:32:41]} 12. O-O {[%clk 1:29:33]} Bg6 {[%clk 1:31:50]} 13. c4 {[%clk
1:27:05]} a5 {[%clk 1:30:17]} 14. Rad1 {[%clk 1:13:51]} Nd7 {[%clk 1:24:44]} 15.
Nc1 {[%clk 1:01:09]} b6 {[%clk 1:06:11]} 16. a3 {[%clk 0:57:01]} Nc5 {[%clk
1:03:59]} 17. b4 {[%clk 0:46:34]} axb4 {[%clk 1:03:59]} 18. axb4 {[%clk 0:46:52]}
Ne4 {[%clk 1:03:51]} 19. Qb2 {[%clk 0:47:02]} f5 {[%clk 0:56:10]} 20. f4 {[%clk
0:46:25]} exf4 {[%clk 0:52:00]} 21. Bd4 {[%clk 0:45:43]} Bf6 {[%clk 0:49:18]} 22.
Nd3 {[%clk 0:46:02]} Bxd4+ {[%clk 0:43:21]} 23. Qxd4 {[%clk 0:46:28]} Qf6 {[%clk
0:43:08]} 24. Qxf6 {[%clk 0:45:59]} Rxf6 {[%clk 0:43:32]} 25. Nxf4 {[%clk
0:44:48]} Rf7 {[%clk 0:30:47]} 26. Bd3 {[%clk 0:45:00]} Ra4 {[%clk 0:30:13]} 27.
Ne6 {[%clk 0:45:13]} h6 {[%clk 0:26:32]} 28. Ra1 {[%clk 0:40:08]} Rfa7 {[%clk
0:14:13]} 29. Rxa4 {[%clk 0:38:51]} Rxa4 {[%clk 0:14:39]} 30. Bxe4 {[%clk
0:39:14]} fxe4 {[%clk 0:15:06]} 31. c5 {[%clk 0:39:38]} bxc5 {[%clk 0:15:30]} 32.
bxc5 {[%clk 0:40:05]} dxc5 {[%clk 0:15:23]} 33. d6 {[%clk 0:40:16]} Ra7 {[%clk
0:15:08]} 34. Rf8+ {[%clk 0:38:30]} Kh7 {[%clk 0:15:33]} 35. Nxc5 {[%clk
0:38:56]} Ra1+ {[%clk 0:11:54]} 36. Kf2 {[%clk 0:39:19]} 1-0

[Event "Greek Team Championship"]
[Site "chess24.com"]
[Date "2017.07.06"]
[Round "5"]
[White "Stojanovski, Dejan"]
[Black "Sandalakis, Angelos"]
[Result "1/2-1/2"]
[Board "2"]
[WhiteElo "2451"]
[WhiteTitle "IM"]
[WhiteCountry "MKD"]
[WhiteFideId "15000796"]
[BlackElo "2446"]
[BlackTitle "IM"]
[BlackCountry "GRE"]
[BlackFideId "4207645"]

1. d4 {[%clk 1:30:53]} Nf6 {[%clk 1:30:37]} 2. Nf3 {[%clk 1:31:18]} e6 {[%clk
1:30:58]} 3. Bf4 {[%clk 1:31:31]} c5 {[%clk 1:30:00]} 4. e3 {[%clk 1:31:45]} Nc6
{[%clk 1:29:21]} 5. c3 {[%clk 1:31:10]} d5 {[%clk 1:29:45]} 6. Nbd2 {[%clk
1:30:42]} Bd6 {[%clk 1:30:08]} 7. Bg3 {[%clk 1:29:11]} O-O {[%clk 1:30:19]} 8.
Bd3 {[%clk 1:29:18]} b6 {[%clk 1:30:24]} 9. Qe2 {[%clk 1:27:18]} a5 {[%clk
1:28:25]} 10. Rd1 {[%clk 1:19:10]} Ra7 {[%clk 1:23:51]} 11. e4 {[%clk 1:04:24]}
Be7 {[%clk 1:22:03]} 12. Ne5 {[%clk 0:57:30]} Bd7 {[%clk 1:19:54]} 13. exd5
{[%clk 0:53:35]} exd5 {[%clk 1:19:39]} 14. O-O {[%clk 0:49:43]} cxd4 {[%clk
0:58:11]} 15. Nxc6 {[%clk 0:49:19]} Bxc6 {[%clk 0:58:34]} 16. cxd4 {[%clk
0:49:46]} Bd6 {[%clk 0:57:30]} 17. Bxd6 {[%clk 0:42:52]} Qxd6 {[%clk 0:56:52]}
18. Nf3 {[%clk 0:42:43]} Re7 {[%clk 0:56:09]} 19. Ne5 {[%clk 0:37:02]} Bb7 {[%clk
0:53:46]} 20. Qc2 {[%clk 0:34:52]} Rc7 {[%clk 0:52:28]} 21. Qb3 {[%clk 0:33:47]}
g6 {[%clk 0:39:52]} 22. Rfe1 {[%clk 0:29:36]} Kg7 {[%clk 0:39:26]} 23. f3 {[%clk
0:23:38]} Re8 {[%clk 0:38:25]} 24. Qa3 {[%clk 0:19:38]} Qd8 {[%clk 0:35:49]} 25.
Rc1 {[%clk 0:19:16]} Rxc1 {[%clk 0:22:51]} 26. Rxc1 {[%clk 0:19:42]} Nh5 {[%clk
0:22:51]} 27. Bb5 {[%clk 0:17:38]} Re7 {[%clk 0:16:56]} 28. g3 {[%clk 0:16:51]}
Rc7 {[%clk 0:16:11]} 29. Rxc7 {[%clk 0:15:58]} Qxc7 {[%clk 0:16:39]} 30. Qc3
{[%clk 0:16:10]} Qd6 {[%clk 0:14:36]} 31. Kf2 {[%clk 0:15:07]} 1/2-1/2